[Event "Buenos Aires Masters op"]
[Site "Buenos Aires"]
[Date "2024.06.20"]
[Round "5"]
[White "Cabrera, Melian"]
[Black "Baudel, Simon"]
[Result "0-1"]
[WhiteElo "1777"]
[BlackElo "1905"]
[PlyCount "100"]
[EventDate "2024.06.17"]
[EventType "swiss"]
[EventRounds "9"]
[EventCountry "ARG"]
[SourceTitle "CBM 220 Extra"]
[Source "ChessBase"]
[SourceDate "2024.07.31"]
[SourceVersion "1"]
[SourceVersionDate "2024.07.31"]
[SourceQuality "1"]

1. e4 d5 2. exd5 Qxd5 3. Nc3 Qd6 4. d4 Nf6 5. Nf3 a6 6. g3 Bg4 7. Bg2 Nc6 8. 0-0 0-0-0 9. Be3 e5 10. dxe5 Nxe5 11. Qxd6 Bxd6 12. Nxe5 Bxe5 13. Ne4 Nxe4 14. Bxe4 h5 15. f3 Be6 16. c3 f5 17. Bc2 h4 18. Bg5 Bf6 19. gxh4 Bxg5 20. Rfe1 Rxh4 21. Rxe6 Rf4 22. Re5 g6 23. Rf1 Rh4 24. Re2 Bf4 25. Rff2 Rdh8 26. Rg2 Kb8 27. Bb3 g5 28. Be6 Rf8 29. Bd7 Rh7 30. Be6 Rf6 31. Bc4 Rh3 32. Rgf2 Rd6 33. Re1 Rdh6 34. Ree2 Bd6 35. b4 Bf4 36. Bd3 Rf6 37. Re8+ Ka7 38. Bf1 Rh7 39. h3 Rd7 40. Re1 Bg3 41. Ree2 Bxf2+ 42. Rxf2 Rfd6 43. Rg2 Rg7 44. c4 Rd4 45. b5 g4 46. fxg4 fxg4 47. hxg4 Rdxg4 48. a4 Rxg2+ 49. Bxg2 a5 50. Kf2 Rxg2+ 0-1

[Event "Buenos Aires Masters op"]
[Site "Buenos Aires"]
[Date "2024.06.17"]
[Round "1"]
[White "Caceres Vasquez, Sergio"]
[Black "Cabrera, Melian"]
[Result "1-0"]
[WhiteElo "2041"]
[BlackElo "1777"]
[PlyCount "93"]
[EventDate "2024.06.17"]
[EventType "swiss"]
[EventRounds "9"]
[EventCountry "ARG"]
[SourceTitle "CBM 220 Extra"]
[Source "ChessBase"]
[SourceDate "2024.07.31"]
[SourceVersion "1"]
[SourceVersionDate "2024.07.31"]
[SourceQuality "1"]

1. d4 d5 2. c4 c6 3. cxd5 cxd5 4. Bf4 Nf6 5. Nc3 e6 6. e3 a6 7. Bd3 Bd6 8. Bxd6 Qxd6 9. f4 0-0 10. Nf3 b5 11. 0-0 Bb7 12. Ne5 Ne4 13. Rc1 Nd7 14. Qf3 Ndf6 15. Rc2 Nxc3 16. Rxc3 Ne4 17. Rc2 f6 18. Ng4 f5 19. Ne5 Rac8 20. Rfc1 Rxc2 21. Rxc2 Rc8 22. Rxc8+ Bxc8 23. Bxe4 dxe4 24. Qh5 Qe7 25. h3 Bd7 26. Qg5 Qxg5 27. fxg5 Be8 28. b4 g6 29. Kf2 Kg7 30. g4 h5 31. gxf5 gxf5 32. Kg3 Kh7 33. Kf4 Kg7 34. h4 Kh7 35. d5 exd5 36. Kxf5 Kg7 37. Ke6 d4 38. exd4 e3 39. a3 Bg6 40. Nf3 Be4 41. Ne1 Kf8 42. Ke5 Bg6 43. Kf4 e2 44. Ke3 Ke7 45. Kxe2 Kd6 46. Ng2 Kd5 47. Nf4+ 1-0